Economic Effects of Spa Tourism
Táto štúdia skúma ekonomické prínosy kúpeľného cestovného ruchu v dvoch vybraných kúpeľných lokalitách na Slovensku – Kúpele Piešťany a Kúpele Kováčová. Cieľom výskumu bolo na základe vybraných ekonomických ukazovateľov preskúmať ekonomické efekty kúpeľného turizmu na Slovensku v nami určených lokal...
Enregistré dans:
| Auteur principal: | |
|---|---|
| Autres auteurs: | , |
| Format: | Chapitre de livre |
| Langue: | anglais |
| Sujets: | |
| Tags: |
Pas de tags, Soyez le premier à ajouter un tag!
|
MARC
| LEADER | 00000naa a2200000 4500 | ||
|---|---|---|---|
| 001 | 0305654 | ||
| 005 | 20241217115019.1 | ||
| 041 | 0 | |a eng | |
| 044 | |a SK | ||
| 245 | 1 | 0 | |a Economic Effects of Spa Tourism |c Anna Michálková, Kevin Haring, Jozef Gáll |
| 520 | |a Táto štúdia skúma ekonomické prínosy kúpeľného cestovného ruchu v dvoch vybraných kúpeľných lokalitách na Slovensku – Kúpele Piešťany a Kúpele Kováčová. Cieľom výskumu bolo na základe vybraných ekonomických ukazovateľov preskúmať ekonomické efekty kúpeľného turizmu na Slovensku v nami určených lokalitách – Kúpele Kováčová a Piešťany. Primárny zber údajov prebiehal formou dotazníkového prieskumu, kde boli vyhodnotené priemerné výdavky na dopravu, ubytovanie, služby a ostatné výdavky v týchto kúpeľných zariadeniach. Na základe výsledkov sa zistilo, že kúpele v mestskom prostredí (Piešťany) generujú vyššie výdavky na osobu v porovnaní s vidieckymi kúpeľmi (Kováčová), ale oba regióny profitujú z multiplikačných efektov cestovného ruchu. Výskum ukázal, že kúpeľný turizmus má výrazne pozitívny vplyv na regionálnu ekonomiku, pretože generuje nielen vyššie objemy výroby, ale aj pracovné miesta. | ||
| 610 | 2 | 0 | |a ukazovatele ekonomické |
| 610 | 2 | 0 | |a ruch cestovný kúpeľný |
| 610 | 2 | 0 | |a kúpele |
| 610 | 2 | 0 | |a Slovensko |
| 100 | 1 | |a Michálková, Anna, 1968- | |
| 700 | 1 | |a Haring, Kevin | |
| 700 | 1 | |a Gáll, Jozef, 1991- | |